| 000 | 00794cab a2200289 4500 | ||
|---|---|---|---|
| 001 | ABS60520 | ||
| 008 | 090401t1999 xxu||||| |||| 00| 0 eng d | ||
| 035 | _a(Sirsi) u92948 | ||
| 041 | _aeng | ||
| 100 | _aMurdoch, S. | ||
| 245 | _aSecure accommodation | ||
| 260 | _c1999 | ||
| 350 | _a0 | ||
| 490 |
_aEstates Gazette _v(9914) 10 April 1999, 148(1) |
||
| 650 | _aASSURED TENANCIES | ||
| 650 | _aGORINGE V TWINSECTRA | ||
| 650 | _aHEADLEASES | ||
| 650 | _aHOUSING ACT 1988 | ||
| 650 | _aLAIMOND PROPERTIES V AL-SHAKARCHI | ||
| 650 | _aPREMISES | ||
| 650 | _aPROTECTED TENANCIES | ||
| 650 | _aRENT ACTS | ||
| 650 | _aSECURITY OF TENURE | ||
| 690 | _aPROPERTY-RESIDENTIAL PROPERTY-RESIDENTIAL LANDLORD AND TENANT-RESIDENTIAL TENANCIES | ||
| 942 | _n0 | ||
| 948 | _c23/04/1999 | ||
| 999 |
_c58904 _d58904 |
||